[Event "FRA-ch op-A"]
[Site "Pau"]
[Date "2008.08.19"]
[Round "7"]
[White "Zeller, Olivier"]
[Black "Bekhouche, Christophe"]
[Result "0-1"]
[WhiteElo "2011"]
[BlackElo "1973"]
[PlyCount "62"]
[EventDate "2008.08.11"]
[EventType "swiss"]
[EventRounds "9"]
[EventCountry "FRA"]
[SourceTitle "CBM 126 Extra"]
[Source "ChessBase"]
[SourceDate "2008.11.05"]
[SourceVersion "1"]
[SourceVersionDate "2008.11.05"]
[SourceQuality "1"]

1. e4 e6 2. d4 d5 3. Nd2 Nf6 4. e5 Nfd7 5. f4 c5 6. c3 Nc6 7. Ndf3 cxd4 8. cxd4 Qb6 9. a3 Be7 10. h4 Na5 11. h5 Nc4 12. Qc2 Qa5+ 13. Kf2 b5 14. Bd3 Ba6 15. Ne2 Rc8 16. Qb1 h6 17. f5 Qb6 18. Ke1 b4 19. fxe6 fxe6 20. Bg6+ Kd8 21. Bf7 Rf8 22. Qg6 bxa3 23. bxa3 Nxa3 24. Bxa3 Bxa3 25. Nf4 Qb2 26. Rb1 Rc1+ 27. Rxc1 Qxc1+ 28. Kf2 Qxf4 29. Qxe6 Rxf7 30. Qxa6 Qxd4+ 31. Kg3 Qf4+ 0-1

[Event "FRA-ch op-A"]
[Site "Pau"]
[Date "2008.08.13"]
[Round "2"]
[White "Carre, Sylvain"]
[Black "Bekhouche, Christophe"]
[Result "1-0"]
[WhiteElo "2044"]
[BlackElo "1973"]
[PlyCount "123"]
[EventDate "2008.08.11"]
[EventType "swiss"]
[EventRounds "9"]
[EventCountry "FRA"]
[SourceTitle "CBM 126 Extra"]
[Source "ChessBase"]
[SourceDate "2008.11.05"]
[SourceVersion "1"]
[SourceVersionDate "2008.11.05"]
[SourceQuality "1"]

1. c4 Nf6 2. g3 e6 3. Bg2 d5 4. cxd5 exd5 5. Nf3 Be7 6. 0-0 0-0 7. d4 Ne4 8. Nc3 f5 9. Qb3 c6 10. Ne5 Kh8 11. f3 Bf6 12. fxe4 Bxe5 13. dxe5 fxe4 14. Bg5 Rxf1+ 15. Rxf1 Qe8 16. Qa3 Nd7 17. Bh3 h6 18. Be7 Qh5 19. Bxd7 Bxd7 20. Qd6 Bh3 21. Rf4 Re8 22. Kf2 Bf5 23. h4 Qf7 24. g4 Qxe7 25. Qxe7 Rxe7 26. Rxf5 g6 27. Rf8+ Kg7 28. Rb8 b5 29. e3 h5 30. gxh5 gxh5 31. Ne2 Rxe5 32. b4 Rf5+ 33. Nf4 d4 34. Rb7+ Kh6 35. Rxa7 d3 36. Re7 c5 37. Rxe4 c4 38. Ke1 Rf7 39. Re5 Ra7 40. Rxh5+ Kg7 41. Rxb5 Rxa2 42. Rd5 Ra1+ 43. Kd2 Ra2+ 44. Kc1 Ra1+ 45. Kb2 Rh1 46. Nxd3 cxd3 47. Rxd3 Rxh4 48. Kc3 Kf6 49. Rd4 Rh1 50. Re4 Kf5 51. Re8 Rc1+ 52. Kd4 Kf6 53. b5 Kf7 54. Re4 Rc8 55. Kd5 Kf6 56. b6 Rd8+ 57. Kc6 Kf5 58. Rd4 Rc8+ 59. Kb7 Rc1 60. Kb8 Ke5 61. b7 Ke6 62. Ra4 1-0

[Event "FRA-ch op-B"]
[Site "Aix les Bains"]
[Date "2007.08.25"]
[Round "11"]
[White "Le Diouron, Aurelie"]
[Black "Bekhouche, Christophe"]
[Result "1-0"]
[WhiteElo "1995"]
[BlackElo "1954"]
[PlyCount "87"]
[EventDate "2007.08.13"]
[EventType "swiss"]
[EventRounds "11"]
[EventCountry "FRA"]
[SourceTitle "CBM 120 Extra"]
[Source "ChessBase"]
[SourceDate "2007.11.01"]
[SourceVersion "1"]
[SourceVersionDate "2007.11.01"]
[SourceQuality "1"]

1. e4 c5 2. Nf3 e6 3. d4 cxd4 4. Nxd4 a6 5. Nc3 Qc7 6. Bd3 Nf6 7. 0-0 Nc6 8. Be3 b5 9. Kh1 Bb7 10. a3 Rd8 11. f4 d5 12. e5 Nd7 13. Qg4 Nc5 14. Nxc6 Qxc6 15. Bxc5 Qxc5 16. f5 Bc8 17. Rae1 h5 18. Qg5 Qe7 19. f6 gxf6 20. Rxf6 Bh6 21. Qg3 Kd7 22. Ref1 Rdf8 23. R1f3 Bb7 24. Qf2 Kc8 25. Rxf7 Rxf7 26. Rxf7 Rf8 27. Rxe7 Rxf2 28. Kg1 Rd2 29. Rxe6 Be3+ 30. Kf1 Rf2+ 31. Ke1 Rxg2 32. Bf5 Rxh2 33. Rd6+ Kc7 34. Nxd5+ Bxd5 35. Rxd5 h4 36. e6 Bg5 37. Rd7+ Kc6 38. e7 Rh1+ 39. Ke2 Rh2+ 40. Kf3 Bxe7 41. Rxe7 a5 42. Kg4 b4 43. axb4 axb4 44. b3 1-0

[Event "FRA-ch U16"]
[Site "Le Grand Bornand"]
[Date "2007.04.10"]
[Round "3"]
[White "Baudry, Lyam"]
[Black "Bekhouche, Christophe"]
[Result "1-0"]
[WhiteElo "2028"]
[BlackElo "1898"]
[PlyCount "61"]
[EventDate "2007.04.07"]
[EventType "swiss"]
[EventRounds "9"]
[EventCountry "FRA"]
[SourceTitle "CBM 118 Extra"]
[Source "ChessBase"]
[SourceDate "2007.07.04"]
[SourceVersion "1"]
[SourceVersionDate "2007.07.04"]
[SourceQuality "1"]

1. d4 Nf6 2. c4 c5 3. d5 b5 4. cxb5 a6 5. bxa6 Bxa6 6. Nf3 g6 7. b3 Bg7 8. Bb2 0-0 9. g3 d6 10. Bg2 Nbd7 11. 0-0 Qb6 12. Re1 Rfb8 13. e4 c4 14. Bd4 Nc5 15. Nfd2 Nfd7 16. Bxg7 Kxg7 17. Re3 Ne5 18. bxc4 Nxc4 19. Nxc4 Qb4 20. Qd4+ Kg8 21. Nbd2 Bxc4 22. Nxc4 Ra4 23. Bf1 e5 24. dxe6 Nxe6 25. Qxd6 Qxd6 26. Nxd6 Nd4 27. Rc3 Rb2 28. a3 Ne6 29. Bc4 Ng5 30. Kg2 Rd2 31. Bd5 1-0

[Event "FRA-ch opA U18"]
[Site "Calvi"]
[Date "2005.04.??"]
[Round "5"]
[White "Legoupil, Benoit"]
[Black "Bekhouche, Christophe"]
[Result "0-1"]
[WhiteElo "1680"]
[BlackElo "1820"]
[PlyCount "82"]
[EventDate "2005.04.??"]
[EventType "swiss"]
[EventRounds "9"]
[EventCountry "FRA"]
[SourceTitle "EXT 2006"]
[Source "ChessBase"]
[SourceDate "2005.11.24"]
[SourceVersion "1"]
[SourceVersionDate "2005.11.24"]
[SourceQuality "1"]

1. e4 c5 2. Nf3 a6 3. Nc3 e6 4. d4 cxd4 5. Nxd4 Qc7 6. a3 Nf6 7. Bg5 Be7 8. f4 d6 9. Nf3 Nbd7 10. h3 0-0 11. g4 b5 12. Nd2 Bb7 13. Bd3 Nc5 14. Rg1 Qb6 15. Rg3 h6 16. Bxh6 gxh6 17. g5 Nh7 18. Qh5 Nxd3+ 19. cxd3 Kh8 20. Qxh6 Rg8 21. Ke2 Rg6 22. Qh5 Rag8 23. Rag1 b4 24. axb4 Qxb4 25. h4 Bd8 26. f5 exf5 27. exf5 Re8+ 28. Kd1 Qxb2 29. fxg6 fxg6 30. Qxg6 Bc6 31. d4 Ba5 32. Ndb1 Re4 33. Qxe4 Bxe4 34. Nxe4 Qxb1+ 35. Ke2 Qxe4+ 36. Re3 Qxd4 37. g6 Qxe3+ 38. Kxe3 Bb6+ 39. Kf3 Bxg1 40. gxh7 Kxh7 41. Ke2 a5 0-1